Maths - Divide by 8 - Sudden Death - Statistics

General Stats
  • This quiz has been taken 75 times
  • The average score is 13 of 20
Answers on the Grid
Answers color-coded by a green-red scale on the quiz's grid according to % correct below.
1000
998
916
904
898
896
772
760
688
640
616
610
572
508
488
440
376
324
308
296
272
216
200
176
152
120
74
48
40
24
 
Answer Stats
Answer % Correct
24
89%
48
86%
40
82%
120
80%
200
73%
1000
68%
440
68%
216
66%
152
64%
896
64%
640
61%
688
61%
904
61%
296
59%
616
59%
176
57%
272
57%
488
55%
376
50%
760
50%
No matching quizzes found
Score Distribution
Percent of People with Each Score
Percentile by Number Answered
Your Score History
You have not taken this quiz